01275cam a22003497a 4500999001900000001000900019003000500028005001700033008004100050010001700091020001500108025002400123038001000147040001300157042001000170043001200180050002500192082002000217100003400237245008200271260006900353300002900422490003800451504005400489520011900543546001300662653004000675710004900715906004500764942001200809952010400821 c525118d52511814447439NUST20190628064422.0060712s2004 pk a b 000 0burdo  a 2006330323 a9694721644 aP-U-2006330323 ; 20 aAzhar aDLCcDLC alcode aaz-----00aMLCSA 2009/02046 (P) a891.439092bTUR1 aTurābī, Nis̲ār.91589310aShāh Murād K̲h̲ānpūrī :bḥayāt o fan /cNis̲ār Turābī. aIslāmābād :bAkādamī Adabiyāt-i Pākistān,c2004. a165 p. ;bill. ;c22 cm.0 aPākistānī adab ke miʻmār aIncludes bibliographical references (p. 151-165). aOn the life and works of Shāh Murād, d. 1702, a noted Sufi poet from South Asia; includes sample of his works. aIn Urdu.0 aShāh Murād, d. 1702;abiography2 aAkādmī Adabiyāt-i Pākistān.915894 a7bcbccorigoded4encipf20gy-gencatlg 2ddccBK 00102ddc4070aCLbCLcPLITd2019-06-28l0o891.439092 TURpCL-E-1128r2019-06-28w2019-06-28yBK